Oh, Canada /
En el ocaso de su vida, un cineasta famoso por su trayectoria como documentalista decide revelar su verdad sobre su pasado: de haber desertado de joven de la milicia para evadir que lo mandaran a la guerra de Vietnam, pero también de abandonar a su familia y retirarse a Canadá.
Na minha lista:
| Autor principal: | |
|---|---|
| Outros Autores: | , , , , , , , , |
| Formato: | |
| Idioma: | inglês |
| Publicado em: |
EUA :
Northern Lights Films : Exemplary Films : Getaway Entertainment,
2024, c2024
|
| Assuntos: | |
| Tags: |
Sem tags, seja o primeiro a adicionar uma tag!
|
MARC
| LEADER | 00000ngm^a2200000^a^4500 | ||
|---|---|---|---|
| 001 | 000617139 | ||
| 005 | 20250704000000.0 | ||
| 009 | 20260310133735.583 | ||
| 037 | |a Acervo ITESO - Biblioteca | ||
| 041 | |a ING | ||
| 082 | |a 810. |b SCH | ||
| 100 | |a Schrader, Paul |e (realización) | ||
| 240 | 1 | 5 | |a [Los abandonos] |
| 240 | 1 | 5 | |a [Los abandonos. Adaptaciones] |
| 245 | 1 | 0 | |a Oh, Canada / |c Realización de P. Schrader. |
| 246 | 2 | |a Título en México: Oh, Canada | |
| 264 | 4 | |a EUA : |b Northern Lights Films : |b Exemplary Films : |b Getaway Entertainment, |c 2024, c2024 | |
| 264 | 2 | |a Nueva York, EUA : |b Kino Lorber [distribución], |c 2025, c2025 | |
| 300 | |a 1 blu-ray región A (94, 3 min.) : |b color | ||
| 336 | |a imagen móvil bidimensional |b tdi |2 rdacontenido | ||
| 337 | |a video |b v |2 rdamedio | ||
| 338 | |a videodisco |b vd |2 rdasoporte | ||
| 500 | |a Basado en: Los abandonos, de Russell Banks | ||
| 520 | |a En el ocaso de su vida, un cineasta famoso por su trayectoria como documentalista decide revelar su verdad sobre su pasado: de haber desertado de joven de la milicia para evadir que lo mandaran a la guerra de Vietnam, pero también de abandonar a su familia y retirarse a Canadá. | ||
| 546 | |a En inglés, con subtítulos opcionales: inglés | ||
| 649 | |a XX | ||
| 650 | |a Cineastas en el Cine | ||
| 650 | |a Fuerzas Armadas - |z EUA | ||
| 650 | |a Documentales en el Cine | ||
| 650 | |a Dramas Cinematográficos | ||
| 650 | |a Cine Social y Político | ||
| 650 | |a Cine Norteamericano - |y 2020-2029 | ||
| 650 | |a Cine Norteamericano - |y Siglo XXI | ||
| 650 | |a Cine Norteamericano - |x Historia y Crítica | ||
| 650 | |a Cine en el Cine | ||
| 650 | |a Novela Norteamericana - |x Adaptaciones para Cine | ||
| 650 | |a Literatura Norteamericana - |y Siglo XXI - |x Adaptaciones para Cine | ||
| 650 | |a Literatura y Cine | ||
| 650 | |a Deserción Militar - |x Tema Principal | ||
| 650 | |a Deserción y Abandono - |x Tema Principal | ||
| 650 | |a Delitos Militares | ||
| 650 | |a Política - |z EUA - |x Historia - |y 1960-1969 | ||
| 650 | |a Política - |z EUA - |x Historia - |y Siglo XX | ||
| 650 | |a Guerra de Vietnam, 1961-1973 | ||
| 650 | |a EUA - |x Historia - |y 1960-1969 | ||
| 650 | |a EUA - |x Historia - |y Siglo XX | ||
| 650 | |a Canadá en el Cine | ||
| 700 | |a Schrader, Paul |e (guión) | ||
| 700 | |a Wonder, Andrew |e (fotógrafo) | ||
| 700 | |a Laufer, Aubrey |e (vestuario) | ||
| 700 | |a Rodríguez, Benjamín, |c hijo |e (montaje) | ||
| 700 | |a Phosphorescent |e (música) | ||
| 700 | |a Gere, Richard |e (actuación) | ||
| 700 | |a Thurman, Uma |e (actuación) | ||
| 700 | |a Elordi, Jacob |e (actuación) | ||
| 700 | |a Schrader, Paul |e (comentarios) | ||
| 910 | |a Fondo General | ||
| 920 | |a Audiovisuales - Blu-rays | ||
| 940 | |a Películas | ||
| 905 | |a 303 | ||
| 901 | |a 617139-10 |b IT2 |c BRS |i C190257 |u 20250704 | ||
| 902 | |a https://opac.biblio.iteso.mx/vufind/Record/000617139 | ||